LEADER 01272nam a2200289 u 4500 001 000000064384 003 CaOOAMICUS 005 20070226121342.0 008 011119s1954 gw u000 u ger u 035 $a10910320 040 $aPUL(R)$bita 100 1 $aBoehner, Philotheus,$cO.F.M.,$dm. 1955.$0(OLS)http://pul/name/3226 245 10$aChristliche Philosophie :$bvon ihren Anfängen bis Nikolaus von Kues /$cin Zusammerbeit Philotheus Böhner, Etienne Gilson. 250 $a2., neubearbeitete Aufl. 260 $aPaderborn :$bF. Schöningh,$c1954. 300 $axxxii, 655 p. ;$c25 cm 500 $aComprende indici. 504 $aBibliografia in nota. 650 4$aFilosofia$xStoria$yEvo medio.$0(OLS)http://pul/subject/13988 650 4$aFilosofia cristiana$yEvo medio.$0(OLS)http://pul/subject/5142 700 1 $aGilson, Etienne,$d1884-1978.$0(OLS)http://pul/name/629 850 $aPUL 852 $aPUL$W1$xSL Filosofia 1$y2$m84 F 26$j83465$nBK-PRI$b $qStampati$B83465$CPULBib$Z2$F83465 $H $81 941 1 $a8 961 $aINV: 265 996 $6245$aChristliche Philosophie :$bvon ihren Anfängen bis Nikolaus von Kues$9(OLS)http://pul/title/85792 996 $6260$aPaderborn :$bF. Schöningh$9(OLS)http://pul/publisher/47993 LEADER 01281nam a2200289 u 4500 001 000000075814 003 CaOOAMICUS 005 20070226123136.0 008 031022s2001 gw u000 u ger u 020 $a379171774X 035 $a10973847 040 $aPUL$bita 100 1 $aStosch, Klaus von.$0(OLS)http://pul/name/50429 245 10$aGlaubensverantwortung in doppelter Kontingenz :$bUntersuchungen zur Verortung fundamentaler Theologie nach Wittgenstein /$cKlaus von Kosch. 260 $aRegensburg :$bPustet,$cc2001. 300 $a391 p. ;$c23 cm 490 1 $aRatio fidei ;$v7 500 $aComprende indice. 504 $aBibliografia in nota. 600 14$aWittgenstein, Ludwig,$d1889-1951$xFilosofia.$0(OLS)http://pul/subject/2057 830 0$aRatio fidei ;$v7.$0(OLS)http://pul/title/99457 850 $aPUL 852 $aPUL$W1$xSL Religione 1$y3$m57 M 7$j97462$nBK-PRI$b $qStampati$B97462$CPULBib$Z2$F97462 $H91453 $81 941 1 $a8 996 $6020$a379171774X$9(OLS)http://pul/number/99155 996 $6245$aGlaubensverantwortung in doppelter Kontingenz :$bUntersuchungen zur Verortung fundamentaler Theologie nach Wittgenstein$9(OLS)http://pul/title/99461 996 $6260$aRegensburg :$bPustet$9(OLS)http://pul/publisher/61617